000 00466nam a2200193Ia 4500
005 20240823015710.0
008 240823s9999||||xx |||||||||||||| ||und||
020 _a81-203-0981-2
041 _aENGLISH
082 _A658 P3
100 _a"Stoner,James A F etal"
245 0 _aManagement
250 _a6th
260 _c2003
_b"Prentice Hall of India,New Delhi"
500 _aYES
650 _aManagement
_bManagement Studies
942 _cBK
999 _c173031
_d173031